[Event "1800 to 2299 Rated Tournament 1"]
[Site "SchemingMind.com"]
[Date "2022.05.13"]
[Round "-"]
[White "The Stonewall"]
[Black "Raymond de Kemp"]
[Result "1-0"]
[WhiteCountry "ENG"]
[BlackCountry "NED"]
[WhiteElo "2328"]
[WhiteRD "75"]
[BlackElo "1765"]
[BlackRD "70"]
[GameID "723402"]

1. d4 Nf6 2. Bg5 Ne4 3. Bf4 c5 4. f3 Qa5+ 5. c3 Nf6 6. Nd2 cxd4 7. Nb3 Qd8 8. cxd4 e6 9. e4 Bb4+ 10. Kf2 O-O
11. a3 Be7 12. Bd3 Nc6 13. Be3 h6 14. Ne2 Nh7 15. Rf1 Bd6 16. Kg1 b6 17. Rc1 Bb7 18. Qc2 f5 19. exf5 Ne7 20. fxe6 Nf6
21. exd7 Qxd7 22. Bf4 Bxf4 23. Nxf4 Nfd5 24. Nxd5 Nxd5 25. Rfe1 Nf4 26. Bh7+ Kh8 27. Be4 Rac8 28. Qd2 Rxc1 29. Nxc1 Ba6 30. d5 Qe7
31. g3 Nh3+ 32. Kg2 Ng5 33. Nd3 Qd7 34. Nf4 Rxf4 35. Qxf4
1-0

[Event "1800 to 2299 Rated Tournament 1"]
[Site "SchemingMind.com"]
[Date "2022.05.13"]
[Round "-"]
[White "Raymond de Kemp"]
[Black "The Stonewall"]
[Result "0-1"]
[WhiteCountry "NED"]
[BlackCountry "ENG"]
[WhiteElo "1765"]
[WhiteRD "70"]
[BlackElo "2328"]
[BlackRD "75"]
[GameID "723403"]

1. f4 g6 2. Nf3 Bg7 3. g3 d5 4. Bg2 Nf6 5. O-O O-O 6. d3 c5 7. Qe1 Nc6 8. c3 Qb6 9. Na3 Bf5 10. h3 c4+
11. d4 Be4 12. Qf2 e6 13. Nd2 Bxg2 14. Qxg2 Qc7 15. Nf3 a6 16. Nc2 Ne7 17. g4 b5 18. g5 Nh5 19. Nh2 Nf5 20. e3 Nhg3
21. Rf3 Ne4 22. Qg4 a5 23. Nf1 h5 24. gxh6 Nxh6 25. Qh4 Nf5 26. Qe1 Bf6 27. Nh2 Kg7 28. Ng4 Bh4 29. Qd1 Rh8 30. Bd2 Bg3
31. Be1 Rxh3 32. Bxg3 Nfxg3 33. Nf2 Nxf2 34. Kxf2 Rh2+
0-1

[Event "1800 to 2299 Rated Tournament 1"]
[Site "SchemingMind.com"]
[Date "2022.06.05"]
[Round "-"]
[White "The Stonewall"]
[Black "Robert Hatfield"]
[Result "1-0"]
[WhiteCountry "ENG"]
[BlackCountry "USA"]
[WhiteElo "2297"]
[WhiteRD "77"]
[BlackElo "1801"]
[BlackRD "63"]
[GameID "724089"]

1. Nf3 d5 2. e3 c5 3. b3 Nc6 4. Bb2 Nf6 5. Bb5 Bg4 6. h3 Bxf3 7. Qxf3 a6 8. Bxc6+ bxc6 9. O-O e6 10. d3 Be7
11. Nc3 O-O 12. Na4 h6 13. Rac1 Qb8 14. Bxf6 Bxf6 15. Nxc5 Qd6 16. d4 Rfb8 17. Rfd1 e5 18. c3 e4 19. Qg4 Rb5 20. c4 Rbb8
21. Nd7 Rd8 22. Nxf6+ Qxf6 23. cxd5 cxd5 24. Rc7 Rab8 25. Rdc1 Rd6 26. R1c5 Rb5 27. Qc8+ Kh7 28. Qf8 Kg6 29. Rxf7 Qxf7 30. Qxd6+
1-0

[Event "1800 to 2299 Rated Tournament 1"]
[Site "SchemingMind.com"]
[Date "2022.06.05"]
[Round "-"]
[White "Robert Hatfield"]
[Black "The Stonewall"]
[Result "0-1"]
[WhiteCountry "USA"]
[BlackCountry "ENG"]
[WhiteElo "1801"]
[WhiteRD "63"]
[BlackElo "2297"]
[BlackRD "77"]
[GameID "724090"]

1. d4 Nf6 2. c4 g6 3. Nc3 Bg7 4. e4 d6 5. f3 O-O 6. Be3 c5 7. Nge2 Nc6 8. d5 Ne5 9. Ng3 h5 10. h4 e6
11. Qd2 exd5 12. Nxd5 Nxd5 13. cxd5 b5 14. Bxb5 Rb8 15. Be2 Rxb2 16. Qxb2 Nxf3+ 17. gxf3 Bxb2 18. Rb1 Bf6 19. Kf2 Bxh4 20. Rb8 Qe7
0-1

[Event "1800 to 2299 Rated Tournament 1"]
[Site "SchemingMind.com"]
[Date "2022.06.04"]
[Round "-"]
[White "Raymond de Kemp"]
[Black "Robert Hatfield"]
[Result "1-0"]
[WhiteCountry "NED"]
[BlackCountry "USA"]
[WhiteElo "1814"]
[WhiteRD "70"]
[BlackElo "1801"]
[BlackRD "63"]
[GameID "724091"]

1. e4 e6 2. f4 d5 3. e5 c5 4. Nf3 Nc6 5. c3 Nh6 6. g3 Nf5 7. Bg2 Be7 8. d4 h5 9. Bh3 cxd4 10. Bxf5 exf5
11. cxd4 Qb6 12. Nc3 Be6 13. O-O h4 14. Ng5 Bxg5 15. fxg5 hxg3 16. hxg3 Qxd4+ 17. Kg2 Qxe5 18. Bf4 Qd4 19. Qf3 a6 20. Rad1 Qb6
21. Nxd5 Bxd5 22. Rxd5 Qxb2+ 23. Rf2 Qb1 24. Rd1 Qb6 25. Be3 Qc7 26. Bf4
1-0

[Event "1800 to 2299 Rated Tournament 1"]
[Site "SchemingMind.com"]
[Date "2022.06.04"]
[Round "-"]
[White "Robert Hatfield"]
[Black "Raymond de Kemp"]
[Result "1-0"]
[WhiteCountry "USA"]
[BlackCountry "NED"]
[WhiteElo "1777"]
[WhiteRD "64"]
[BlackElo "1765"]
[BlackRD "70"]
[GameID "724092"]

1. d4 Nf6 2. c4 e5 3. dxe5 Ne4 4. a3 b6 5. Nf3 Bb7 6. Nbd2 Nc5 7. b4 Ne6 8. Bb2 a5 9. b5 c6 10. e3 cxb5
11. cxb5 d6 12. Bc4 d5 13. Be2 Be7 14. O-O Nd7 15. Nd4 O-O 16. N2f3 Nec5 17. Rc1 f6 18. Nc6 Bxc6 19. bxc6 Nxe5 20. Nxe5 fxe5
21. Bxe5 Bd6 22. Bxd6 Qxd6 23. Bf3 Ne6 24. Qxd5 Qxd5 25. Bxd5 Rf6 26. c7 Rc8 27. Rc6 Kf7 28. Rfc1 Ke7 29. Rxb6 Nxc7 30. Rxf6 gxf6
31. Bb7
1-0

[Event "1800 to 2299 Rated Tournament 1"]
[Site "SchemingMind.com"]
[Date "2022.06.14"]
[Round "-"]
[White "The Stonewall"]
[Black "lawyertheologian"]
[Result "1-0"]
[WhiteCountry "ENG"]
[BlackCountry "USA"]
[WhiteElo "2297"]
[WhiteRD "77"]
[BlackElo "2058"]
[BlackRD "80"]
[GameID "724298"]

1. e4 Nf6 2. e5 Nd5 3. d4 d6 4. c4 Nb6 5. f4 dxe5 6. fxe5 Nc6 7. Be3 Bf5 8. Nc3 e6 9. Nf3 Qd7 10. Be2 O-O-O
11. O-O Bg4 12. c5 Nd5 13. Nxd5 Qxd5 14. b4 Qe4 15. Qd2 f6 16. Rae1 Nxe5 17. Nxe5 fxe5 18. Bd3 Qd5 19. Bf2 exd4 20. Bg3 Be7
21. Qf4
1-0

[Event "1800 to 2299 Rated Tournament 1"]
[Site "SchemingMind.com"]
[Date "2022.06.14"]
[Round "-"]
[White "lawyertheologian"]
[Black "The Stonewall"]
[Result "0-1"]
[WhiteCountry "USA"]
[BlackCountry "ENG"]
[WhiteElo "2058"]
[WhiteRD "80"]
[BlackElo "2297"]
[BlackRD "77"]
[GameID "724299"]

1. e4 c5 2. Nc3 Nc6 3. f4 g6 4. Nf3 Bg7 5. Bc4 e6 6. f5 Nge7 7. fxe6 dxe6 8. O-O h6 9. d3 b6 10. Qe1 g5
11. Bxg5 hxg5 12. Nxg5 Qd4+ 13. Kh1 Qe5 14. Nf3 Qf4 15. g3 Qg4 16. Nb5 Kd7 17. e5 Nf5 18. Kg1 Bh6
0-1

[Event "1800 to 2299 Rated Tournament 1"]
[Site "SchemingMind.com"]
[Date "2022.06.10"]
[Round "-"]
[White "lawyertheologian"]
[Black "Raymond de Kemp"]
[Result "1-0"]
[WhiteCountry "USA"]
[BlackCountry "NED"]
[WhiteElo "2089"]
[WhiteRD "81"]
[BlackElo "1765"]
[BlackRD "70"]
[GameID "724300"]

1. e4 c5 2. Nc3 d6 3. f4 g6 4. Nf3 Bg7 5. Bc4 Nc6 6. O-O Nf6 7. d3 O-O 8. f5 gxf5 9. Qe1 fxe4 10. dxe4 e5
11. Qh4 Ne7 12. Bg5 Ng6 13. Qf2 a6 14. Nh4 Nf4 15. Nf5 Bxf5 16. exf5 d5 17. Rad1 Qb6 18. Nxd5 N4xd5 19. Bxd5 Nxd5 20. Rxd5 f6
21. Bc1 Rfc8 22. Rfd1 Rd8 23. Qd2 c4+ 24. Kh1 Re8 25. Rd7 Kh8 26. Qd5 Rab8 27. Qf7 Rg8 28. Bh6
1-0

[Event "1800 to 2299 Rated Tournament 1"]
[Site "SchemingMind.com"]
[Date "2022.06.10"]
[Round "-"]
[White "Raymond de Kemp"]
[Black "lawyertheologian"]
[Result "0-1"]
[WhiteCountry "NED"]
[BlackCountry "USA"]
[WhiteElo "1765"]
[WhiteRD "70"]
[BlackElo "2089"]
[BlackRD "81"]
[GameID "724301"]

1. f4 e5 2. fxe5 d6 3. exd6 Bxd6 4. Nf3 Nf6 5. Nc3 O-O 6. d4 Nc6 7. e4 Nxe4 8. Nxe4 Re8 9. Bd3 Bf5 10. O-O Bxe4
11. Ng5 Bg6 12. Bxg6 fxg6 13. c3 Na5 14. b4 Nc4 15. Qb3 b5 16. a4 a6 17. Nf7 Qd7 18. Nxd6 cxd6 19. Bf4 d5 20. a5 Re2
21. Ra2 Rae8 22. Rxe2 Rxe2 23. Qd1 Qe6 24. Be5 Qg4 25. Rf2 Rxf2 26. Qxg4 Rf1+ 27. Kxf1 Ne3+ 28. Ke2= Nxg4 29. Bf4 Kf7 30. Kf3 Nf6
31. Bd2 Ke6 32. Be1 Kf5 33. h3 h5 34. g3 g5 35. Bd2 g4+ 36. hxg4+ Nxg4 37. Be1 g5 38. Bd2 h4 39. gxh4 gxh4 40. Kg2 Ke4
41. Kh3 Nf2+ 42. Kxh4 Kd3 43. Be1 Ne4
0-1

[Event "1800 to 2299 Rated Tournament 1"]
[Site "SchemingMind.com"]
[Date "2022.06.14"]
[Round "-"]
[White "lawyertheologian"]
[Black "Robert Hatfield"]
[Result "1-0"]
[WhiteCountry "USA"]
[BlackCountry "USA"]
[WhiteElo "2058"]
[WhiteRD "80"]
[BlackElo "1801"]
[BlackRD "63"]
[GameID "724302"]

1. Nc3 e5 2. Nf3 Nc6 3. d4 exd4 4. Nxd4 Bb4 5. Nxc6 Bxc3+ 6. bxc3 bxc6 7. Qd4 Qf6 8. Bf4 d6 9. g3 Bd7 10. Bg2 Rb8
11. O-O c5 12. Qe3+ Ne7 13. Bg5 Qe6 14. Rab1 Rb6 15. Qxe6 Bxe6 16. a4 f6 17. Bd2 Kf7 18. a5 Rbb8 19. Rfe1 Ba2 20. Rb7 Rxb7
21. Bxb7 Bc4 22. e4 Ng6 23. f4 Re8 24. Rb1 Ne7 25. e5 fxe5 26. fxe5 dxe5 27. Be3 Nc8 28. Bxc5 a6 29. Rb4 Be6 30. Bxa6 Kf6
31. Bb7
1-0

[Event "1800 to 2299 Rated Tournament 1"]
[Site "SchemingMind.com"]
[Date "2022.06.14"]
[Round "-"]
[White "Robert Hatfield"]
[Black "lawyertheologian"]
[Result "0-1"]
[WhiteCountry "USA"]
[BlackCountry "USA"]
[WhiteElo "1801"]
[WhiteRD "63"]
[BlackElo "2058"]
[BlackRD "80"]
[GameID "724303"]

1. d4 f5 2. Nc3 d5 3. Bg5 c6 4. Qd2 Nd7 5. f4 Ngf6 6. Nf3 e6 7. e3 Bb4 8. a3 Qa5 9. Bd3 Ne4 10. Bxe4 fxe4
11. Ne5 Nxe5 12. dxe5 Qa6 13. Kf2 Bc5 14. Qe2 b6 15. b4 Be7 16. Qh5+ g6 17. Qh6 Bxg5 18. fxg5 Rf8+ 19. Kg3 Qc4 20. Nd1 Rf7
21. Nf2 Ba6 22. Ng4 O-O-O 23. Nf6 Qc3 24. Rhe1 Qxe5+ 25. Kg4 d4 26. Rad1 d3 27. cxd3 exd3 28. Nxh7 d2
0-1

[Event "1800 to 2299 Rated Tournament 1"]
[Site "SchemingMind.com"]
[Date "2022.06.13"]
[Round "-"]
[White "The Stonewall"]
[Black "splinter"]
[Result "1-0"]
[WhiteCountry "ENG"]
[BlackCountry "CAN"]
[WhiteElo "2328"]
[WhiteRD "75"]
[BlackElo "1800"]
[BlackRD "87"]
[GameID "724312"]

1. e4 c5 2. Nc3 Nc6 3. Bb5 g6 4. Bxc6 bxc6 5. d3 d5 6. Nf3 dxe4 7. Nxe4 Nf6 8. Nxf6+ exf6 9. O-O Bg7 10. Be3 Qd6
11. Qe1 O-O 12. Qa5 Re8 13. Bxc5 Qd5 14. Rae1 Be6 15. b4 a6 16. Nd4 f5 17. c4 Qd7 18. Nxe6 Rxe6 19. Qa4 Bd4 20. Rxe6 fxe6
21. Bxd4 Qxd4 22. Qxc6
1-0

[Event "1800 to 2299 Rated Tournament 1"]
[Site "SchemingMind.com"]
[Date "2022.06.11"]
[Round "-"]
[White "splinter"]
[Black "The Stonewall"]
[Result "0-1"]
[WhiteCountry "CAN"]
[BlackCountry "ENG"]
[WhiteElo "1800"]
[WhiteRD "87"]
[BlackElo "2328"]
[BlackRD "75"]
[GameID "724313"]

1. c4 Nf6 2. g3 g6 3. Bg2 Bg7 4. Nc3 O-O 5. Nf3 d6 6. O-O Nc6 7. d3 a6 8. Bd2 Rb8 9. Rb1 b5 10. cxb5 axb5
11. Qc1 b4 12. Ne4 Nxe4 13. dxe4 Nd4 14. Nxd4 Bxd4 15. e3 Bf6 16. f4 Ba6 17. Rf2 Bd3 18. Ra1 Qc8 19. a4 Qe6 20. Be1 Bxe4
21. Bxe4 Qxe4 22. Qxc7 Qxe3 23. Qc2 Rfc8 24. Qe2 Qa7 25. Kg2 Bd4 26. Rf3 b3 27. Bc3 Qa8 28. Qd3 Bxc3 29. bxc3 b2 30. Rb1 Rb3
0-1

[Event "1800 to 2299 Rated Tournament 1"]
[Site "SchemingMind.com"]
[Date "2022.06.10"]
[Round "-"]
[White "lawyertheologian"]
[Black "splinter"]
[Result "1-0"]
[WhiteCountry "USA"]
[BlackCountry "CAN"]
[WhiteElo "2058"]
[WhiteRD "80"]
[BlackElo "1800"]
[BlackRD "87"]
[GameID "724314"]

1. e4 c5 2. Nc3 g6 3. f4 Bg7 4. Nf3 e6 5. Bc4 a6 6. d3 Nc6 7. f5 b5 8. Bb3 Nd4 9. fxe6 dxe6 10. O-O Nxb3
11. axb3 Bb7 12. Ng5 Nh6 13. Qf3 O-O 14. Qh3 Qe7 15. Nf3
1-0

[Event "1800 to 2299 Rated Tournament 1"]
[Site "SchemingMind.com"]
[Date "2022.06.10"]
[Round "-"]
[White "splinter"]
[Black "lawyertheologian"]
[Result "0-1"]
[WhiteCountry "CAN"]
[BlackCountry "USA"]
[WhiteElo "1800"]
[WhiteRD "87"]
[BlackElo "2089"]
[BlackRD "81"]
[GameID "724315"]

1. c4 f5 2. Nf3 Nf6 3. g3 d6 4. Bg2 e5 5. O-O Be7 6. Nc3 O-O 7. b3 Nc6 8. Bb2 e4 9. Ne1 Be6 10. Nc2 d5
11. cxd5 Nxd5 12. d3 exd3 13. Qxd3 Nxc3 14. Bxc3 Qxd3 15. exd3 Rad8 16. Rad1 f4 17. Bxc6 bxc6 18. Rfe1 Bf6 19. Rxe6 Bxc3 20. Rxc6 Ba5
21. b4 Bb6 22. a4 fxg3 23. hxg3 Bxf2+ 24. Kg2 Rd7 25. Rd2 Rdf7 26. a5 Rf3 27. Rxc7 Rxg3+ 28. Kh2 Rg5
0-1

[Event "1800 to 2299 Rated Tournament 1"]
[Site "SchemingMind.com"]
[Date "2022.06.10"]
[Round "-"]
[White "Raymond de Kemp"]
[Black "splinter"]
[Result "1-0"]
[WhiteCountry "NED"]
[BlackCountry "CAN"]
[WhiteElo "1767"]
[WhiteRD "72"]
[BlackElo "1765"]
[BlackRD "78"]
[GameID "724316"]

1. d4 e6 2. Bf4 b6 3. e3 Bb7 4. Nf3 Nf6 5. Nbd2 Be7 6. Bd3 O-O 7. e4 c5 8. c3 cxd4 9. cxd4 d5 10. Bxb8 Rxb8
11. e5 Nd7 12. h4 Rc8 13. Ng5 h6 14. Nh7 Re8 15. Qg4 Nf8 16. Ng5 Bxg5 17. hxg5 Qxg5 18. Qxg5 hxg5 19. Nf3 f6 20. g4 Rc7
21. Kd2 Ree7 22. Rh3 Kf7 23. exf6 gxf6 24. Rah1 Kg7 25. Ne1 Bc6 26. Ng2 Be8 27. f4 Bg6 28. f5 Bf7 29. Ne3 Bg8 30. fxe6 Nxe6
31. Nf5+ Kf8 32. Nxe7 Rxe7 33. Rh6 Kg7 34. Rg6+ Kf7 35. Rhh6 Nf4 36. Rxf6+ Ke8 37. Bb5+
1-0

[Event "1800 to 2299 Rated Tournament 1"]
[Site "SchemingMind.com"]
[Date "2022.06.10"]
[Round "-"]
[White "splinter"]
[Black "Raymond de Kemp"]
[Result "1-0"]
[WhiteCountry "CAN"]
[BlackCountry "NED"]
[WhiteElo "1765"]
[WhiteRD "78"]
[BlackElo "1767"]
[BlackRD "72"]
[GameID "724317"]

1. c4 e5 2. g3 Nf6 3. Bg2 c6 4. Nf3 e4 5. Nd4 d5 6. cxd5 cxd5 7. Nc3 Bc5 8. Nb3 Bb6 9. d3 Ng4 10. e3 O-O
11. O-O f5 12. dxe4 dxe4 13. Qe2 Nc6 14. Rd1 Qe8 15. Nd5 Bd8 16. Nd4 Qh5 17. h3 Nce5 18. hxg4 Nxg4 19. Nf4 Qh2+ 20. Kf1 Qh6
21. Qc4+ Kh8 22. Nde6 Bxe6 23. Nxe6 Nh2+ 24. Ke1 Ba5+ 25. b4 Bxb4+ 26. Qxb4 Qxe6 27. Rd6 Qf7 28. Bb2 Nf3+ 29. Ke2 Rac8 30. Rh1 Rc2+
31. Kd1 Rxf2 32. Bxf3 Rxf3 33. Ke2 Rxg3 34. Rdh6
1-0

[Event "1800 to 2299 Rated Tournament 1"]
[Site "SchemingMind.com"]
[Date "2022.06.15"]
[Round "-"]
[White "Robert Hatfield"]
[Black "splinter"]
[Result "0-1"]
[WhiteCountry "USA"]
[BlackCountry "CAN"]
[WhiteElo "1783"]
[WhiteRD "65"]
[BlackElo "1765"]
[BlackRD "78"]
[GameID "724318"]

1. d4 e6 2. e4 b6 3. Nc3 Bb7 4. Nf3 Nf6 5. e5 Nd5 6. Bd2 d6 7. Be2 Be7 8. O-O Nxc3 9. bxc3 dxe5 10. Nxe5 O-O
11. Bf3 Bxf3 12. Qxf3 Nd7 13. Nc6 Qe8 14. Nb4 Nf6 15. a4 a5 16. Nd3 Nd5 17. c4 Nb4 18. Nxb4 axb4 19. Qb3 c5 20. d5 exd5
21. cxd5 Qd7 22. Rfd1 Bd6 23. h3 Be5 24. Ra2 Bd4 25. a5 bxa5 26. Be3 Bxe3 27. Qxe3 Qd6 28. c4 Rfe8 29. Qb3 Re4 30. Rda1 Rae8
31. g3 Re1+ 32. Kg2 Rxa1 33. Rxa1 Ra8 34. Ra2 Qe5 35. Ra4 Qe4+ 36. Kh2 g6 37. Ra2 f5 38. f3 Qd4 39. Kg2 Kf7 40. h4 h5
41. Kh3 Qg1
0-1

[Event "1800 to 2299 Rated Tournament 1"]
[Site "SchemingMind.com"]
[Date "2022.06.15"]
[Round "-"]
[White "splinter"]
[Black "Robert Hatfield"]
[Result "1-0"]
[WhiteCountry "CAN"]
[BlackCountry "USA"]
[WhiteElo "1779"]
[WhiteRD "80"]
[BlackElo "1770"]
[BlackRD "68"]
[GameID "724319"]

1. c4 e5 2. g3 Nc6 3. Bg2 Nf6 4. Nc3 Bc5 5. Nf3 d6 6. O-O O-O 7. a3 a5 8. d3 h6 9. Be3 e4 10. Nd2 Bxe3
11. fxe3 Bg4 12. Ndxe4 Nxe4 13. Nxe4 a4 14. Nc3 Qg5 15. Nd5 Rfe8 16. Nxc7 Qxe3+ 17. Kh1 Bxe2 18. Qe1 Bxf1 19. Qxe3 Bxg2+ 20. Kxg2 Rxe3
21. Nxa8 Rxd3 22. Rb1 Ne5 23. Nb6 Rb3 24. c5 dxc5 25. Nxa4 c4 26. Kf2 b5 27. Nc5 Rf3+ 28. Ke2 Rf6 29. Ne4 Rb6 30. h3 Kf8
31. Rd1 Ke7 32. Nc3 Ke6 33. Nd5 Rd6 34. Nc7+ Kd7 35. Rxd6+ Kxd6 36. Nxb5+ Kc5 37. Nc3 Nd3 38. Na4+ Kb5 39. Nc3+ Ka5 40. b4+ Kb6
41. Ke3 Kc6 42. Kd4 Nb2 43. a4 f5 44. b5+ Kd6 45. a5 Kc7 46. h4 g5 47. hxg5 hxg5 48. Ke5 f4 49. gxf4 Nd3+ 50. Kd4 gxf4
51. Nd5+ Kb7 52. Kxc4 Ne5+ 53. Kd4 Nd7 54. Nxf4 Nb8 55. Ne6 Na6 56. Nc5+
1-0

[Event "1800 to 2299 Rated Tournament 1"]
[Site "SchemingMind.com"]
[Date "2022.06.17"]
[Round "-"]
[White "The Stonewall"]
[Black "Transcendent"]
[Result "1/2-1/2"]
[WhiteCountry "ENG"]
[BlackCountry "ENG"]
[WhiteElo "2317"]
[WhiteRD "68"]
[BlackElo "2178"]
[BlackRD "68"]
[GameID "724364"]

1. Nf3 d5 2. c4 d4 3. b4 c5 4. e3 Nf6 5. bxc5 Nc6 6. exd4 Nxd4 7. Bb2 e5 8. Nxd4 exd4 9. Be2 Bxc5 10. d3 O-O
11. Nd2 Qd6 12. O-O Bf5 13. Nb3 Rfe8 14. Bf3 Rab8 15. Nxc5 Qxc5 16. Qd2 b5 17. Rac1 b4 18. Rfe1 Rxe1+ 19. Rxe1 b3 20. Ra1 bxa2
21. Rxa2 Rb3 22. Qf4 Bxd3= 23. h3 Qxc4 24. Rxa7 h6 25. Bxd4 Rb4 26. Ra8+ Kh7 27. Rd8 Qe6 28. Rd6 Qe1+ 29. Kh2 Bg6= 30. h4 h5
31. Rxf6 Rxd4 32. Qxd4 gxf6 33. g3 Qe5 34. Qd5 Kg7 35. Kg2 Qe6 36. Qc5 Qe5 37. Qe3 Qe6 38. Qc5 Qe5 39. Qd5 Qe6 40. Qc5=
1/2-1/2

[Event "1800 to 2299 Rated Tournament 1"]
[Site "SchemingMind.com"]
[Date "2022.06.15"]
[Round "-"]
[White "Transcendent"]
[Black "The Stonewall"]
[Result "0-1"]
[WhiteCountry "ENG"]
[BlackCountry "ENG"]
[WhiteElo "2171"]
[WhiteRD "74"]
[BlackElo "2305"]
[BlackRD "68"]
[GameID "724365"]

1. d4 d5 2. c4 Nc6 3. e3 e5 4. cxd5 Qxd5 5. Nc3 Bb4 6. a3 Bxc3+ 7. bxc3 Nf6 8. c4 Qd6 9. d5 Nb8 10. Ne2 O-O
11. Nc3 Bf5 12. Be2 Na6 13. O-O Nc5 14. f3 Bd7 15. e4 Nh5 16. Be3 a6 17. g3 Rae8 18. Kg2 Nf6 19. Rb1 b6 20. Qd2 h6
21. h3 Nh5 22. g4 Nf4+ 23. Bxf4= exf4 24. Rfe1 h5 25. Qd4 f6 26. Bd3 Kf7 27. Bc2 Rh8 28. Rh1 g5 29. Ne2= Rh6 30. Rbe1 Reh8
31. Qc3 Ke8 32. Nd4 Kd8 33. e5 fxe5 34. Rxe5 hxg4 35. fxg4 Kc8 36. Ree1 c6 37. Nf5 Bxf5 38. Bxf5+ Kb8 39. Qe5 Qxe5 40. Rxe5 cxd5
41. cxd5 Kc7 42. Be6 f3+ 43. Kxf3 Rxh3+ 44. Rxh3 Rxh3+ 45. Ke2 Rxa3 46. Rxg5 a5 47. Rg6 Ne4 48. Bf5 Nc3+ 49. Kf2 Nxd5 50. Be4 Nb4
51. g5 Nd3+ 52. Bxd3 Rxd3 53. Rh6 Rd5 54. g6 Rg5 55. Ke3 a4 56. Rh7+ Kc6 57. g7 a3 58. Rh6+ Kb7 59. Rh7 Ka6 60. Rh4 Rxg7
0-1

[Event "1800 to 2299 Rated Tournament 1"]
[Site "SchemingMind.com"]
[Date "2022.06.12"]
[Round "-"]
[White "Transcendent"]
[Black "lawyertheologian"]
[Result "1-0"]
[WhiteCountry "ENG"]
[BlackCountry "USA"]
[WhiteElo "2089"]
[WhiteRD "77"]
[BlackElo "2077"]
[BlackRD "76"]
[GameID "724366"]

1. d4 f5 2. Bg5 g6 3. Nc3 Bg7 4. h4 Nf6 5. h5 Nxh5 6. e4 O-O 7. Bc4+ Kh8 8. e5 d6 9. Nf3 c6 10. Qe2 Qe8
11. O-O-O b5 12. Bb3 Ba6 13. Qd2 c5 14. Bd5 Nc6 15. exd6 exd6 16. Bh6 Rc8 17. Bxg7+ Kxg7 18. Rde1 Qd8 19. Bxc6 Rxc6 20. Ng5 Bc8
21. Nd5 Ra6 22. Re7+ Kg8 23. Rxh5 gxh5 24. Nxh7 f4 25. Nxf8 Qxf8 26. Qd3 Bf5 27. Qxb5 Rb6 28. Qc4 Kh8 29. Qe2 Rb8 30. Qxh5+ Kg8
31. Qg5+ Kh8 32. Qh4+
1-0

[Event "1800 to 2299 Rated Tournament 1"]
[Site "SchemingMind.com"]
[Date "2022.06.12"]
[Round "-"]
[White "lawyertheologian"]
[Black "Transcendent"]
[Result "0-1"]
[WhiteCountry "USA"]
[BlackCountry "ENG"]
[WhiteElo "2077"]
[WhiteRD "76"]
[BlackElo "2089"]
[BlackRD "77"]
[GameID "724367"]

1. e4 e6 2. d4 d5 3. e5 c5 4. c3 Nc6 5. Nf3 Qb6 6. Be2 cxd4 7. cxd4 Nh6 8. Nc3 Nf5 9. Na4 Qa5+ 10. Bd2 Bb4
11. Bc3 Bxc3+ 12. Nxc3 a6 13. g4 Nfe7 14. Rg1 Bd7 15. a3 O-O 16. Qd2 Rab8 17. Ra2 f6 18. exf6 Rxf6 19. g5 Rf5 20. Nh4 Rf7
21. b4 Qc7 22. Rg3 Rf4 23. Rg4 Rxg4 24. Bxg4 Qxh2 25. Nf3 Qh1+ 26. Ke2 Rf8 27. g6 Nxg6 28. Qg5 Rxf3
0-1

[Event "1800 to 2299 Rated Tournament 1"]
[Site "SchemingMind.com"]
[Date "2022.06.12"]
[Round "-"]
[White "Transcendent"]
[Black "Raymond de Kemp"]
[Result "1-0"]
[WhiteCountry "ENG"]
[BlackCountry "NED"]
[WhiteElo "1997"]
[WhiteRD "86"]
[BlackElo "1765"]
[BlackRD "70"]
[GameID "724368"]

1. d4 Nf6 2. c4 e5 3. dxe5 Ng4 4. Bf4 Nc6 5. Nf3 Bb4+ 6. Nbd2 Qe7 7. e3 Ngxe5 8. Nxe5 Nxe5 9. Be2 d6 10. O-O a5
11. a3 Bxd2 12. Qxd2 a4 13. Qc3 b6 14. Rad1 O-O 15. Bxe5 dxe5 16. Rd5 Re8 17. Rfd1 Bb7 18. Rd7 Qg5 19. g3 Rac8 20. c5 Bc6
21. R7d2 Re6 22. h4 Qe7 23. Bg4 Qf6 24. Bxe6 fxe6 25. h5 Qf3 26. e4 Bxe4 27. Qxf3
1-0

[Event "1800 to 2299 Rated Tournament 1"]
[Site "SchemingMind.com"]
[Date "2022.06.12"]
[Round "-"]
[White "Raymond de Kemp"]
[Black "Transcendent"]
[Result "0-1"]
[WhiteCountry "NED"]
[BlackCountry "ENG"]
[WhiteElo "1767"]
[WhiteRD "72"]
[BlackElo "2089"]
[BlackRD "77"]
[GameID "724369"]

1. f4 d5 2. Nf3 Nf6 3. g3 g6 4. Bg2 Bg7 5. O-O O-O 6. d3 c5 7. c3 Nc6 8. Na3 a6 9. Nc2 Re8 10. Qe1 e5
11. fxe5 Nxe5 12. Nxe5 Rxe5 13. Bf4 Rh5 14. h4 h6 15. Ne3 Be6 16. Bf3 Qd7 17. Bxh5 Nxh5 18. Ng2 Re8 19. Qd2 Bh3 20. Rf2 Nf6
21. Raf1 Ng4 22. Rf3 Qe6 23. Re1 d4 24. e3 dxc3 25. bxc3 Bxg2 26. Kxg2 g5 27. hxg5 Bxc3 28. Qxc3 Qxa2+ 29. Kh3 Qh2+ 30. Kxg4 h5+
0-1

[Event "1800 to 2299 Rated Tournament 1"]
[Site "SchemingMind.com"]
[Date "2022.06.17"]
[Round "-"]
[White "Transcendent"]
[Black "Robert Hatfield"]
[Result "1-0"]
[WhiteCountry "ENG"]
[BlackCountry "USA"]
[WhiteElo "2129"]
[WhiteRD "74"]
[BlackElo "1770"]
[BlackRD "68"]
[GameID "724370"]

1. d4 Nf6 2. c4 e6 3. g3 d5 4. Nf3 Be7 5. Bg2 O-O 6. O-O h6 7. Qc2 Bd7 8. Rd1 Bc6 9. Ne5 dxc4 10. Nxc6 Nxc6
11. Qxc4 Na5 12. Qc2 Rb8 13. Nc3 b5 14. e4 c6 15. Qe2 a6 16. Bf4 Rc8 17. b3 Qb6 18. Rac1 Rfd8 19. Be3 Qb8 20. h4 c5
21. dxc5 Rxd1+ 22. Nxd1 Nc6 23. Nb2 Rd8 24. Nd3 Qc7 25. b4 Qd7 26. Rd1 Ne5 27. Nb2 Qc8 28. a3 Nc6 29. Rxd8+ Qxd8 30. Nd3 Nd4
31. Bxd4 Qxd4 32. Kh2 Qd7 33. Ne5 Qc7 34. f4 Nh7 35. Qd3 Nf8 36. Nf3 Ng6 37. e5 Bd8 38. Nd2 Ne7 39. Ne4 Nd5 40. Nd6 Qc6
41. f5
1-0

[Event "1800 to 2299 Rated Tournament 1"]
[Site "SchemingMind.com"]
[Date "2022.06.17"]
[Round "-"]
[White "Robert Hatfield"]
[Black "Transcendent"]
[Result "1/2-1/2"]
[WhiteCountry "USA"]
[BlackCountry "ENG"]
[WhiteElo "1777"]
[WhiteRD "64"]
[BlackElo "1997"]
[BlackRD "86"]
[GameID "724371"]

1. d4 d5 2. c4 dxc4 3. e4 e5 4. Nf3 exd4 5. Bxc4 Nc6 6. O-O Be6 7. Bb5 Bc5 8. b4 Bb6 9. a4 a6 10. Bxc6+ bxc6
11. a5 Ba7 12. Bb2 Nf6 13. Bxd4 Bxd4 14. Qxd4 Qxd4 15. Nxd4 O-O-O=
1/2-1/2

[Event "1800 to 2299 Rated Tournament 1"]
[Site "SchemingMind.com"]
[Date "2022.06.13"]
[Round "-"]
[White "Transcendent"]
[Black "splinter"]
[Result "1-0"]
[WhiteCountry "ENG"]
[BlackCountry "CAN"]
[WhiteElo "2129"]
[WhiteRD "74"]
[BlackElo "1779"]
[BlackRD "80"]
[GameID "724372"]

1. d4 e6 2. c4 b6 3. Nc3 Bb7 4. e4 Bb4 5. Bd3 Nc6 6. Ne2 Qf6 7. Be3 e5 8. d5 Nd4 9. O-O Nh6 10. a3 Be7
11. f4 Nxe2+ 12. Qxe2 Bc5 13. Bxc5 bxc5 14. b4 cxb4 15. axb4 O-O 16. f5 c6 17. h3 cxd5 18. exd5 Kh8 19. Ne4 Qd8 20. f6 Rg8
21. Qe3 Qf8 22. Rxa7 Rxa7 23. Qxa7 Bc8 24. b5 gxf6 25. Nxf6 Rg7 26. Qc7 d6 27. b6 Bxh3 28. b7 Rxg2+ 29. Kh1 Rb2 30. Ra1 Bg2+
31. Kg1 Bxd5 32. Qc8
1-0